Episodios nacionales en salsa verde /

Guardado en:
Detalles Bibliográficos
Autor principal: Almazán, Marco A. (autor)
Otros autores: Rodríguez Cicero, Hérnán J. (prólogo) (prólogo)
Formato: Libro
Idioma:Español
Publicado: México : Jus, 1972, c1972
Etiquetas: Agrega una etiqueta
Sin etiquetas, Sé el primero en etiquetar este registro!

MARC

LEADER 00000nam^a2200000^a^4500
001 000570422
005 20250521000000.0
009 20260310132227.587
037 |a Acervo ITESO - Biblioteca 
041 |a ESP 
091 |a FGM. 04081 
100 |a Almazán, Marco A.  |e (autor) 
245 1 0 |a Episodios nacionales en salsa verde / 
264 4 |a México :  |b Jus,  |c 1972, c1972 
300 |a 220 p. 
336 |a texto  |b txt  |2 rdacontenido 
337 |a sin mediación  |b n  |2 rdamedio 
338 |a volumen  |b nc  |2 rdasoporte 
649 |a XX 
700 |a Rodríguez Cicero, Hérnán J.  |e (prólogo) 
910 |a Fondo Efraín González Morfín 
920 |a Impresos - Libros 
930 |a Fondos Especiales 
940 |a Literatura 
905 |a 130 
901 |a 0500391598  |b IT2  |c ESL  |i D91971  |u 20250521 
902 |a https://opac.biblio.iteso.mx/vufind/Record/000570422